00326pab a2200121 454500008004000000100002600040245007000066260000900136300001200145362001300157650002000170773001400190180718b2001 xxu||||| |||| 00| 0 eng d aBanerjee, Sushanta K. aLonger life, power health? Need for better health planning tools. c2001 ap.67-86 aJuly-Aug aHealth services aEncounter